Ring (Record no. 38579)

MARC details
000 -LEADER
fixed length control field 00241nam a2200109Ia 4500
082 ## - DEWEY DECIMAL CLASSIFICATION NUMBER
Classification number 82-3
Item number STE
100 ## - MAIN ENTRY--AUTHOR NAME
Personal name Steel, Daniel
245 #0 - TITLE STATEMENT
Title Ring
260 ## - PUBLICATION, DISTRIBUTION, ETC. (IMPRINT)
Place of publication London
Name of publisher Sphere
Year of publication 1981
942 ## - ADDED ENTRY ELEMENTS (KOHA)
Koha item type Books
Holdings
Withdrawn status Lost status Damaged status Not for loan Home library Current library Date acquired Cost, normal purchase price Full call number Accession Number Koha item type
        RRII Library RRII Library 16/12/2021 29.85 82-3 STE 18934 Books